000
00326nam a2200121Ia 4500
008
151213s9999 xx 000 0 und d
245
_a
Poverty : World Development Report - 1990
260
_a
N.W. USA
_b
Oxford University Press
_c
II
300
_a
3012 p.
650
_a
Reference
650
_a
Reference Economics
999
_c
2099
_d
2099